00522nam a2200181Ia 4500003000400000005001700004008004100021015000800062020001800070020001500088040000900103082001700112100002000129245006100149260004600210300000900256650007500265OSt20200123131203.0190216s9999||||xx |||||||||||||| ||und|| 2978 a9780198066217 a019806621X coclc a651.7bMIT/P1 aMitra, Barun K. 0aPersonality Development And Soft Skills /cBarun K Mitra bOxford University Pressc2012aNew Delhi: a258p vBusiness communicationxBusiness writing , Interpersonal communication